<The> financial crisis: basic view

Salvato in:
Dettagli Bibliografici
Autore principale: Chajdiak, Jozef
Altri autori: Meluchová, Jitka, 1965-, Fuksová, Nadežda, Luha, Ján, Velikanič, Vladimír, Bolgáč, Ján, 1959-
Natura: Libro
Lingua:inglese
Pubblicazione: London STS Science Centre 2010
Serie:Economics
Soggetti:
Tags: Aggiungi Tag
Nessun Tag, puoi essere il primo ad aggiungerne!!

MARC

LEADER 00000nam a2200000 4500
001 0120677
005 20240502083312.1
020 |a 978-0-9564777-5-0 
041 0 |a eng 
044 |a GB 
245 1 0 |a <The> financial crisis: basic view  |c Jozef Chajdiak, Jitka Meluchová, Nadežda Fuksová 
264 1 |a London  |b STS Science Centre  |c 2010 
300 |a 92 s. [3,9 AH] 
490 1 |a Economics 
830 0 |a Economics 
610 2 0 |a kríza finančná 
610 2 0 |a rast hospodársky 
610 2 0 |a riadenie ľudských zdrojov 
610 2 0 |a populácia 
610 2 0 |a nezamestnaní 
610 2 0 |a trh poistný 
610 2 0 |a Slovensko 
610 2 0 |a Česko 
610 2 0 |a Veľká Británia 
610 2 0 |a Nemecko 
610 2 0 |a Francúzsko 
610 2 0 |a USA 
610 2 0 |a Japonsko 
610 2 0 |a Európska únia 
100 1 |a Chajdiak, Jozef 
700 1 |a Meluchová, Jitka, 1965- 
700 1 |a Fuksová, Nadežda 
700 1 |a Luha, Ján 
700 1 |a Velikanič, Vladimír 
700 1 |a Bolgáč, Ján, 1959-